000 00707cam a22002411 4500
001 sa 68003395
003 DLC
005 20260227112452.0
008 710903s1967 ii b 00000 eng
010 _asa 68003395 //r84
025 _aPL480:I-E-9694
050 0 _aJX1977
_b.M77
082 _a341.1
100 1 0 _aMukherjee, Sakti Pada.
245 1 0 _aReflections on League Covenant, United Nations and International Court of Justice.
260 0 _aCalcutta,
_bAlpha Pub. Concern
_c[1967]
300 _aviii, 236 p.
_c22 cm.
350 _aRs25
_a$3
504 _aBibliography: p. [225]-228.
610 2 0 _aUnited Nations.
610 2 0 _aInternational Court of Justice.
610 2 0 _aLeague of Nations.
999 _c79452
_d79452